| 000 | 00585nam a22001937a 4500 | ||
|---|---|---|---|
| 999 |
_c162902 _d162902 |
||
| 005 | 20190323153412.0 | ||
| 010 | _aENG-124918 | ||
| 020 |
_c195.00 _a9789350578452 |
||
| 035 | _aEN-108450 | ||
| 037 | _bDBAD/PUB | ||
| 082 | _a153.69 | ||
| 100 | _aSharma, Vinay Mohan | ||
| 245 |
_aGestures & body language/ _bby Vinay Mohan Sharma |
||
| 260 |
_aNew Delhi _bV&S Publishers _c2017 |
||
| 270 |
_aF-2/16, Ansari Road, Daryaganj _bNew Delhi _e110002 |
||
| 300 |
_a87p. _c21cm(pbk) |
||
| 500 | _aThe art of reading gestures & postures | ||
| 942 |
_2ddc _cEN _mSHA _h153.69 |
||